00310nam a2200133Ia 4500100002900000650001500029366000700044654001500051245004300066260002000109082001400129300000800143546002500151 aWang/Paul S/ Katila/S.S  aweb design f25 aweb design aIntroduction to Web design+programming bMacmillanc2011 a4.65bWAN a572 aENGLISHcelectronics